000 00407nam a2200145Ia 4500
008 231129s2003||||xx |||||||||||||| ||spa||
020 _a970-22-0879-3
040 _bspa
082 _a337 G961g
100 _aGuillochon Bernard
245 0 _aLa globalización ¿Un futuro para todos?
260 _c2003
264 _aBarceona España: Larousse
942 _2ddc
_cBKS
999 _c17224
_d17224